Parts of Flags - Europe - Statistics

General Stats
  • This quiz has been taken 115 times
  • The average score is 13 of 15
Answer Stats
Picture Answer % Correct
Portugal
99%
Belgium
98%
Iceland
96%
Spain
96%
North Macedonia
93%
Poland
93%
Slovakia
93%
Bosnia
89%
Malta
89%
Belarus
88%
Hungary
88%
Liechtenstein
88%
Estonia
83%
Moldova
78%
Lithuania
77%
No matching quizzes found
Score Distribution
Percent of People with Each Score
Percentile by Number Answered
Your Score History
You have not taken this quiz